IFM Opac

The evolution of national insurance in Great Britain (Record no. 9046)

MARC details
000 -LEADER
fixed length control field 00425nam a2200145Ia 4500
020 ## - INTERNATIONAL STANDARD BOOK NUMBER
International Standard Book Number 0 7512 0164 2
082 ## - DEWEY DECIMAL CLASSIFICATION NUMBER
Classification number 368.40 094 1 GIL
100 ## - MAIN ENTRY--PERSONAL NAME
Personal name Gilbert, B. B.
9 (RLIN) 4804
245 #4 - TITLE STATEMENT
Title The evolution of national insurance in Great Britain
260 ## - PUBLICATION, DISTRIBUTION, ETC.
Place of publication, distribution, etc. Hampshire:
Name of publisher, distributor, etc. Gregg Revivals
Date of publication, distribution, etc. 1966
300 ## - PHYSICAL DESCRIPTION
Extent ii, 497p. ill. ; 22 cm.
500 ## - GENERAL NOTE
General note includes bibliographical references and index
650 ## - SUBJECT ADDED ENTRY--TOPICAL TERM
Topical term or geographic name entry element Insurance
9 (RLIN) 4805
942 ## - ADDED ENTRY ELEMENTS (KOHA)
Koha item type Books
Holdings
Withdrawn status Lost status Source of classification or shelving scheme Damaged status Not for loan Home library Current library Shelving location Date acquired Full call number Barcode Date last seen Price effective from Koha item type Collection code Total Checkouts
    Dewey Decimal Classification     IFM Main Campus Library IFM Main Campus Library   05/15/2015 368.40 094 1 GIL 0000019593 05/15/2015 05/15/2015 Books    
    Dewey Decimal Classification     IFM Main Campus Library IFM Main Campus Library   05/15/2015 368.40 094 1 GIL 0000019590 05/15/2015 05/15/2015 Books    
          IFM Main Campus Library IFM Main Campus Library Archival Collection 09/15/2021 368.40 094 1 GIL 0000019592 05/15/2015 02/19/2022 Computer Files Non-fiction  
    Dewey Decimal Classification     IFM Main Campus Library IFM Main Campus Library   10/13/2015 368.40 094 1 GIL 0000019591 10/13/2015 10/13/2015 Books    
    Dewey Decimal Classification     IFM Main Campus Library IFM Main Campus Library   11/04/2015 368.40 094 1 GIL 0000015716 11/04/2015 11/04/2015 Books